000 00299nam a22001337a 4500
008 181107b xxu||||| |||| 00| 0 eng d
020 _a0618917772
041 _aeng
080 _a371
100 _a46
101 _aEDU
245 _aJoining a community of readers
_cAlexander, R
942 _2udc
_cBK
999 _c52215
_d52215